SISTEMA DE BIBLIOTECAS
Carmen Mendoza De Cornielle

Ley de Colegiación Médica y sus Reglamentaciones / (Registro nro. 16266)

Detalles MARC
000 -CABECERA
campo de control de longitud fija 02157nam a2200301 i 4500
001 - NÚMERO DE CONTROL
campo de control 16266
003 - IDENTIFICADOR DEL NÚMERO DE CONTROL
campo de control DO-SdUEMH
005 - FECHA Y HORA DE LA ÚLTIMA TRANSACCIÓN
campo de control 20260116212546.0
007 - CAMPO FIJO DE DESCRIPCIÓN FÍSICA--INFORMACIÓN GENERAL
campo de control de longitud fija ta
008 - DATOS DE LONGITUD FIJA--INFORMACIÓN GENERAL
campo de control de longitud fija 211105s2006||||dr |||gr|||| 0|| | spa d
040 ## - FUENTE DE LA CATALOGACIÓN
Centro catalogador/agencia de origen DO-SdUEMH
Lengua de catalogación spa
Normas de descripción rda
041 ## - CÓDIGO DE LENGUA
Código de lengua del texto/banda sonora o título independiente spa
082 14 - NÚMERO DE LA CLASIFICACIÓN DECIMAL DEWEY
Número de clasificación RD344.041 C691M 2005
Colección Colección Dominicana
Número de documento/Ítem F363
084 ## - OTRO NÚMERO DE CLASIFICACIÓN
Item number 08-00571
100 #1 - ENTRADA PRINCIPAL--NOMBRE DE PERSONA
Nombre de persona Fernández, Fernándo
Término indicativo de función/relación autor
110 ## - ENTRADA PRINCIPAL--NOMBRE DE ENTIDAD CORPORATIVA
Nombre de entidad corporativa o nombre de jurisdicción como elemento de entrada Colegio Médico Dominicano
245 ## - MENCIÓN DE TÍTULO
Título Ley de Colegiación Médica y sus Reglamentaciones /
Mención de responsabilidad, etc. Fernándo Fernández
260 ## - PUBLICACIÓN, DISTRIBUCIÓN, ETC.
Date of publication, distribution, etc. 2005
264 #1 - PRODUCCIÓN, PUBLICACIÓN, DISTRIBUCIÓN, FABRICACIÓN Y COPYRIGHT
Lugar de producción, publicación, distribución, fabricación Santo Domingo, República Dominicana :
Nombre del de productor, editor, distribuidor, fabricante Búho,
Fecha de producción, publicación, distribución, fabricación o copyright 2005
264 #4 - PRODUCCIÓN, PUBLICACIÓN, DISTRIBUCIÓN, FABRICACIÓN Y COPYRIGHT
Fecha de producción, publicación, distribución, fabricación o copyright ©2005
300 ## - DESCRIPCIÓN FÍSICA
Extensión 304 páginas :
Dimensiones 21 cm.
336 ## - TIPO DE CONTENIDO
Fuente rdacontent
Término de tipo de contenido texto
Código de tipo de contenido txt
337 ## - TIPO DE MEDIO
Fuente rdamedia
Nombre del tipo de medio sin mediación
Código del tipo de medio n
338 ## - TIPO DE SOPORTE
Fuente rdacarrier
Nombre del tipo de soporte volumen
Código del tipo de soporte nc
505 ## - NOTA DE CONTENIDO CON FORMATO
Nota de contenido con formato A modo de presentación -- Ley No. 68-03 que crea el CMD -- Reglamento Orgánico Interno del CMD -- Reglamento Electoral -- Código de Ética Médica -- Reglamento de Comisiones Especiales -- Reglamento de la Junta Directiva Nacional -- Reglamento del Consejo Nacional -- Reglamento de Protocolo -- Reglamento del Tribunal Disciplinario Interno -- Reglamento para Avalar Actividades Científicas -- Reglamento para ser Miembr@ Honorari@ -- Reglamento para Aspirantes a Miembr@ Titular -- Reglamento que Regula el Ingreso al CMD de l@s Médic@s Extranjer@s -- Reglamento de l@s Estudiantes de Medicina -- Reglamento de Concursos Literarios -- Reglamento de Concurso Fotográfico -- Reglamento Único de Concursos Médicos -- Reglamento para Reconocer y Avalar una Sociedad Especializada -- Reglamento para Reconocer una Revista Científica -- Reglamento de Reuniones Clínico-Quirúrgicas -- Reglamento para Otorgar su Galardón “Maestr@ de la Medicina Dominicana” -- Reglamento de Educación Médica Continuada -- Reglamento del Consejo de Sociedades Especializadas -- Reglamento de Rectificación de l@s Médic@s -- Reglamento de Normalización de las Relaciones con las Empresas Farmacéuticas -- Reglamento del Departamento Legal -- Reglamento de Recursos Humanos -- Reglamento de Movimientos Médicos -- Apéndice.
942 ## - ELEMENTOS DE PUNTO DE ACCESO ADICIONAL (KOHA)
Fuente del sistema de clasificación o colocación Dewey Decimal Classification
Tipo de ítem Koha Libro
Suprimir en OPAC No
Existencias
Estado de retiro Estado de pérdida Fuente del sistema de clasificación o colocación Estado dañado Disponibilidad para préstamo Código de colección Localización permanente Ubicación/localización actual Fecha de adquisición Fuente de adquisición Total de préstamos Signatura topográfica completa Código de barras Fecha visto por última vez Número de copia Precio válido a partir de Tipo de ítem Koha
    Dewey Decimal Classification   Disponible para préstamo Colección Dominicana UNIREMHOS SEDE UNIREMHOS SEDE 01/16/2026 Donación   RD UNIREMHOS-SED950 11/05/2021 ej. 1 11/05/2021 Libro
UNIREMHOS

Av. Abraham Lincoln no. 126, casi esq. José Contreras,
Santo Domingo, República Dominicana

Correo: info@uniremhos.edu.do

Tel.: (809) 532-3739

Horario: Lunes a Viernes: 8:00 am - 6:00 pm | Sábados: 8:00 am - 12:00 m

📍 Ubicación
UNEFA

Av. 27 de Febrero no. 52, El Vergel,
Santo Domingo, República Dominicana

Tel.: (809) 530-0224

📍 Ubicación
UFHEC

Av. Máximo Gómez esq. César Nicolás Penson, La Esperilla,
Santo Domingo, República Dominicana

Tel.: (809) 537-6000

📍 Ubicación